LDR 00932naa#a2200181#i#450# 001 RU\INFRA-M\bibl\122812 005 20260515184119.5 011 ## _a2500-3313 100 ## _a20260331b2026####ek#y0rusy0150####ca 102 ## _aRU 200 1# _aИнтернет вещей и его влияние на безопасность сетей: новые угрозы и решения _eЖурнальная статья 210 1# _aМосква _cОбщество с ограниченной ответственностью «Научно-издательский центр ИНФРА-М» _d2026 215 ## _a6 с. 608 ## _aЖурнальная статья _2local 675 ## _aИнформационные технологии. Компьютерные технологии. Теория вычислительных машин и систем. 004 _z 700 #1 _aЛоскутов _gИ. А. 700 #1 _aЯрусова _gС. Д. 856 4# _azh-szf.ru _u